| 000 | 00966nam a22003137a 4500 | ||
|---|---|---|---|
| 003 | CHAP | ||
| 005 | 20220329133734.0 | ||
| 008 | 971013s1964 r 00010 d | ||
| 010 | _a10151 | ||
| 011 | _a11123 | ||
| 035 | _a10361 | ||
| 040 | _cCHAP | ||
| 082 |
_a575.131 _bB3Y 1961 |
||
| 100 | 0 | 0 |
_aBacq, Z. M. _99314 |
| 245 | _aFundamentos de radiobiología | ||
| 260 |
_aZaragoza : _bAcribia, _c1964 |
||
| 300 |
_a588 p. _b: láms. gráfs |
||
| 500 | _aTrad. de la 2 ed. inglesa de 1961 | ||
| 590 |
_aBATCH-UPD _b10 _c20130110 _lUCH01 _h0253 |
||
| 590 |
_aBATCH-UPD _b10 _c20130110 _lUCH01 _h2330 |
||
| 590 |
_aBATCH-UPD _b10 _c20130409 _lUCH01 _h2323 |
||
| 590 |
_aBATCH-UPD _b10 _c20130914 _lUCH01 _h0015 |
||
| 590 |
_aCONVERSION _b10 _c20130109 _lUCH01 _h1306 |
||
| 650 | 1 | 4 |
_aRadiobiología. _993697 |
| 700 | 0 |
_aAlexander, Peter. _93828 |
|
| 901 | _aBK | ||
| 942 | _cLIBRO | ||
| 949 |
_a575.131 B3Y 1961 _bBC _cLIBRO _d33724000447058 _eLIBRO _h48505 _i10361 _si _t535.00 |
||
| 999 |
_c10151 _d10151 |
||